تامل ناڈو کے صاحب تصنیف علماء / (Record no. 108490)

MARC details
000 -LEADER
fixed length control field 00849nam a22002537a 4500
005 - DATE AND TIME OF LATEST TRANSACTION
control field 20170123162340.0
010 ## - LIBRARY OF CONGRESS CONTROL NUMBER
LC control number A-842680
020 ## - INTERNATIONAL STANDARD BOOK NUMBER
Terms of availability 100.00
035 ## - SYSTEM CONTROL NUMBER
System control number A-842680
037 ## - SOURCE OF ACQUISITION
Source of stock number/acquisition Cen Lib/Ret
040 ## - CATALOGING SOURCE
Original cataloging agency DPL
Language of cataloging UR
082 ## - DEWEY DECIMAL CLASSIFICATION NUMBER
Classification number 920
Item number ع ل ی
100 ## - MAIN ENTRY--PERSONAL NAME
Personal name علیم صبا نویدی
9 (RLIN) 421
245 ## - TITLE STATEMENT
Title تامل ناڈو کے صاحب تصنیف علماء /
Statement of responsibility, etc علیم صبا نویدی
246 ## - VARYING FORM OF TITLE
Title proper/short title Tamil nadu ke sahib tasneef ilmai /
Remainder of title by Alim Saba Navidi
260 ## - PUBLICATION, DISTRIBUTION, ETC. (IMPRINT)
Place of publication, distribution, etc مدراس
Name of publisher, distributor, etc تامل ناڈو اردو پبلیکیشنز
Date of publication, distribution, etc 1996
270 ## - ADDRESS
City مدراس
Postal code 600002
300 ## - PHYSICAL DESCRIPTION
Extent 191p.
Dimensions 21cm(Hb)
650 ## - SUBJECT ADDED ENTRY--TOPICAL TERM
Topical term or geographic name as entry element ادب - اردو
9 (RLIN) 127082
650 ## - SUBJECT ADDED ENTRY--TOPICAL TERM
Topical term or geographic name as entry element اردو سوانح
9 (RLIN) 127083
650 ## - SUBJECT ADDED ENTRY--TOPICAL TERM
Topical term or geographic name as entry element Literaqture -- Urdu
9 (RLIN) 127084
650 ## - SUBJECT ADDED ENTRY--TOPICAL TERM
Topical term or geographic name as entry element Urdu biographies
9 (RLIN) 127085
942 ## - ADDED ENTRY ELEMENTS (KOHA)
Source of classification or shelving scheme Dewey Decimal Classification
Koha item type Urdu Bks
Classification part 920
Call number suffix ع ل ی
Holdings
Withdrawn status Lost status Damaged status Not for loan Home library Current library Date acquired Source of acquisition Cost, normal purchase price Total Checkouts Full call number Barcode Date last seen Copy number Cost, replacement price Price effective from Koha item type
        Central Library Central Library 21/01/2016 Cen Lib/Ret 100.00   920 ع ل ی A-842680 21/01/2016 1 100.00 21/01/2016 Urdu Bks

© Delhi Public Library
Hit Counter
free hit counter